000 00289nam a22001337a 4500
008 180927b xxu||||| |||| 00| 0 eng d
020 _a0070452530
041 _aeng
080 _a030
100 _a24
101 _aENC
245 _aEncyclopedia Of Physics
_cHill.M
942 _2udc
_cBK
999 _c48634
_d48634